Online Catalogue and eLibrary

Sukara wasthuwa (Record no. 4851)

MARC details
000 -LEADER
fixed length control field 00390nam a2200169Ia 4500
005 - DATE AND TIME OF LATEST TRANSACTION
control field 20250425063442.0
008 - FIXED-LENGTH DATA ELEMENTS--GENERAL INFORMATION
fixed length control field 240331s9999 xx 000 0 und d
020 ## - INTERNATIONAL STANDARD BOOK NUMBER
ISBN 9559263226
082 ## - DDC Classification
Item Number - Author Mark DES
Class No. 891
100 ## - MAIN ENTRY--PERSONAL NAME
Personal name De Silva,A
245 #0 - TITLE STATEMENT
Title Sukara wasthuwa
260 ## - PUBLICATION, DISTRIBUTION, ETC.
Place of publication, distribution, etc. Colombo
Name of publisher, distributor, etc. Ruhunu Book Publishers
Date of publication, distribution, etc. 1999
300 ## - PHYSICAL DESCRIPTION
Extent (e.g. Volumes, Pages etc.) 142 p .,
650 ## - SUBJECT ADDED ENTRY--TOPICAL TERM
Topical term or geographic name entry element Women
650 ## - SUBJECT ADDED ENTRY--TOPICAL TERM
Topical term or geographic name entry element Violence
942 ## - Koha item type (Biblio)
Koha item type Books in Stacks (Lending)
Holdings
Lost status Damaged status Collection code Home library Current library Shelving location Date acquired Full call number Accession Number Item type
    Lending WERC Library WERC Library Social Science Cupboard 03/31/2024 891.48 DES 4151 Books in Stacks (Lending)

© WERC Library